2003 Rugby World Cup Final - England Starting XV - Statistics

General Stats
  • This quiz has been taken 991 times
  • The average score is 11 of 15
Answer Stats
Number Player % Correct
10 Jonny Wilkinson
99%
4 Martin Johnson
94%
14 Jason Robinson
92%
9 Matt Dawson
87%
13 Will Greenwood
79%
12 Mike Tindall
72%
8 Lawrence Dallaglio
71%
7 Neil Back
70%
15 Josh Lewsey
66%
2 Steve Thompson
66%
6 Richard Hill
65%
11 Ben Cohen
64%
5 Ben Kay
60%
3 Phil Vickery
59%
1 Trevor Woodman
36%
No matching quizzes found
Score Distribution
Percent of People with Each Score
Percentile by Number Answered
Your Score History
You have not taken this quiz